Statystyki dla Wyspy Kanaryjskie

Kliknij tutaj aby rozwiązać quiz!

Ogólne statystyki

  • Ten quiz został rozwiązany 3 814 razy
  • Średni wynik to 3 z 7

Odpowiedzi na mapie

Odpowiedzi skodowane kolorowo w zielono-czerwonej skali na mapie do tego quizu, zgodnie z poniższymi procentami.
 

Statystyki odpowiedzi

km2Odpowiedź% Poprawnych
2,034Teneryfa
80%
1,560Gran Canaria
68%
708La Palma
51%
846Lanzarote
41%
1,660Fuerteventura
39%
370La Gomera
27%
269El Hierro
21%

Rozkład punktacji

Percentyl według liczby udzielonych odpowiedzi

Procent ludzi z każdym wynikiem

Twoja historia wyników

Nie rozwiązałeś tego quizu